000 00305nam a2200133Ia 4500
005 20251222140037.0
008 251222s1900||||xx |||||||||||||| ||spa||
082 _a183/M84/T.II
100 _aMondolfo, Rodolfo
245 0 _aEl Pensamiento Antiguo:
250 _a2a.ed.
264 _bLosada
942 _cLIB
999 _c3162
_d3162